00330nam a2200121Ia 4500008004100000100002300041245003700064260003300101300000900134650004300143942000700186999001500193190216s9999||||xx |||||||||||||| ||und|| aHari Venkateswaran 0aIllustrated Qbasic For Ms Dos5.0 bJaico Publishing Housec1992 a410p a"Computer Programming. Programs, Data" cBK c8424d8424